• 首页
  • 本馆介绍
  • 公告通知
  • 最新文献
  • 馆藏检索
  • 电子资源
  • 读者导购
  • 参考咨询
  • 我的图书馆
  • 登录
  • 详细信息显示
  • 放入我的书架
  • 预约/预借图书
  • 作者相关作品
  • 分类相关作品
  • 丛书相关作品
  • 出版社相关作品

书目信息

  • 表格格式
  • 工作单格式
  • 卡片格式
题名:
社会调查与统计
    
 
作者: 刘畅主编
分册:  
出版信息: 北京   中共中央党校出版社  2006.5
页数: 276页
开本: 20cm
丛书名:
单 册:
中图分类: C81 , C915
科图分类:
主题词: 统计分析--方法 , 社会调查--调查方法
电子资源:
ISBN: 7-5035-1490-6
000 00809nam0 2200253 450
001 0104000024
005 20051124115123.1
010    @a7-5035-1490-6@dCNY12.00
100    @a20051124d2006 em y0chiy0110 ea
101 0  @achi
102    @aCN@b110000
105    @ay z 000yy
106    @ar
200 1  @a社会调查与统计@AShe Hui Diao Cha Yu Tong Ji@f刘畅主编@FLiu Chang Zhu Bian
210    @a北京@c中共中央党校出版社@d2006.5
215    @a276页@d20cm
330    @a本书社会调查方法部分包括抽样、社会测量、问卷设计等;统计分析方法部分包括集中趋势统计、时间数列分析等;研究报告部分包括资料的理论分析、调查分析报告。
606 0  @a统计分析@x方法
606 0  @a社会调查@x调查方法
690    @aC81@v4
690    @aC915@v4
801  0 @aCN@bHTDF@c20051124
905    @aBZT@dC81@e4@f10
906    @dCNY12.00@n0@r1
    
    社会调查与统计/刘畅主编.-北京:中共中央党校出版社,2006.5
    276页;20cm
    
    
    ISBN 7-5035-1490-6:CNY12.00
    本书社会调查方法部分包括抽样、社会测量、问卷设计等;统计分析方法部分包括集中趋势统计、时间数列分析等;研究报告部分包括资料的理论分析、调查分析报告。
●
相关链接 在五车中查询图书 在当当中查询图书 在豆瓣中查询图书


正题名:社会调查与统计     索取号:C81/4         预约/预借

序号 登录号 条形码 馆藏地/架位号 状态 备注
1 700482   2000700482   中心书库南/008架B面1层3列/ [索取号:C81/4] 在馆    
2 700483   2000700483   中心书库南/008架B面1层3列/ [索取号:C81/4] 在馆    
3 700484   2000700484   中心书库南/008架B面1层3列/ [索取号:C81/4] 在馆    
4 700485   2000700485   中心书库南/008架B面1层3列/ [索取号:C81/4] 在馆    
5 700486   2000700486   中心书库南/008架B面1层3列/ [索取号:C81/4] 在馆    
6 700487   2000700487   中心书库南/008架B面1层3列/ [索取号:C81/4] 在馆    
7 700488   2000700488   中心书库南/008架B面1层3列/ [索取号:C81/4] 在馆    
8 700489   2000700489   中心书库南/008架B面1层3列/ [索取号:C81/4] 在馆    
9 700490   2000700490   中心书库南/008架B面1层3列/ [索取号:C81/4] 在馆    
10 700491   2000700491   中心书库南/008架B面1层3列/ [索取号:C81/4] 在馆    
山东省滨州职业学院图书馆 欢迎您!
大连网信软件有限公司© 版权所有